000 00217 a2200097 4500
001 2960
100 _aWillians,
245 _aOxford T/B of sport of medicine
260 _a
_bOxford univ press
_c
090 _c2251
_d2251
942 _aNUST-CAE
_cM
_c13903
999 _c238033
_d238033